LEADER 01637nam0 22003371i 450 001 VAN00031365 005 20240806100346.339 010 $a88-204-7894-3 100 $a20041223d1992 |0itac50 ba 101 $aita 102 $aIT 105 $a|||| ||||| 200 1 $aˆLe ‰riforme mancate$el'intervento pubblico tra vincoli ed efficienza, 1983-1988$erapporto Ciriec sul settore pubblico dell'economia$fa cura di Giuseppe Bognetti e Carlo Spagnolo 210 $aMilano$cCiriec ; Franco Angeli$d1992 215 $a884 p.$d22 cm. 606 $aItalia$xPolitica economica$3VANC001489$2FI 606 $aPartecipazioni statali$3VANC014176$2FI 620 $dMilano$3VANL000284 676 $a338.945$cSviluppo economico. Italia$v21 702 1$aBognetti$bGiuseppe$3VANV025987 702 1$aSpagnolo$bCarlo$3VANV025988 710 02$aCentro italiano di ricerche e d'informazione sull'economia delle imprese pubbliche e di pubblico interesse$3VANV000554$0431643 712 $aCentro italiano di ricerche e d'informazione sull'economia pubblica, sociale e$3VANV111529$4650 712 $aFrancoAngeli $3VANV107955$4650 791 02$aCIRIEC$zCentro italiano di ricerche e d'informazione sull'economia delle imprese pubbliche e di pubblico interesse$3VANV025986 801 $aIT$bSOL$c20240906$gRICA 899 $aBIBLIOTECA DEL DIPARTIMENTO DI GIURISPRUDENZA$1IT-CE0105$2VAN00 912 $aVAN00031365 950 $aBIBLIOTECA DEL DIPARTIMENTO DI GIURISPRUDENZA$d00CONS XX.Ec.48 $e00 6244 20041223 996 $aRiforme mancate$9888255 997 $aUNICAMPANIA LEADER 01126nam0 22002771i 450 001 UON00407142 005 20231205104724.7 100 $a20120320d1975 |0itac50 ba 101 $aita 102 $aIT 105 $a|||| ||||| 200 1 $aSociologia della medicina$ebreve introduzione allo studio dei suoi principi, metodi e relazioni con altre sociologie e altre sceinze$fGilberto Freyre$gtraduzione di Alberto Pescetto 210 $aMilano$cRizzoli$d1975 215 $a228 p.$d21 cm. 410 1$1001UON00176721$12001 $a Saggi Rizzoli 606 $aSociologia della medicina$3UONC040051$2FI 620 $aIT$dMilano$3UONL000005 700 1$aFreyre$bGilberto$3UONV123789$00 702 1$aPescetto$bAlberto$3UONV130277 712 $aRizzoli$3UONV245928$4650 801 $aIT$bSOL$c20250919$gRICA 899 $aSIBA - SISTEMA BIBLIOTECARIO DI ATENEO$2UONSI 912 $aUON00407142 950 $aSIBA - SISTEMA BIBLIOTECARIO DI ATENEO$dSI A D 0179 $eSI SC 536 5 0179 $sBuono 996 $aSociologia della medicina$91346313 997 $aUNIOR